000 00582nam a2200169Ia 4500
003 LK-CoDNM
005 20240119141813.0
008 010623t1916 xxu||||| |||| 00| 1 sin d
040 _aLK-CoDNM
_dLK-CoDNM
_eLK-CoDNM
041 _asin
080 _a104
_bK 2
245 _aකොළඹ අමද්‍යප මහාසභාව,හයවෙනි අර්ධ සාංවත්සරික වාර්ථාව
246 _aHarf Yearly Report. Colombo.Total Abstinence Central Union
260 _bMaha BHodi
_aColombo
_c1915
_c1918
_c1922
300 _b16p, 21 cm
942 _cBK
999 _c89039
_d89039